Datum a čas kvízu
25
Celkem bodů
Celkový počet nahraných bodů na tomto kvízu bez doplňovacích otázek.
8.
Pořadí na kvízu
Konečné umístění týmu na tomto kvízu.
Zaznamenané odpovědi
| # | Otázka | Odpověď | Body | Výsledky |
|---|---|---|---|---|
| 1. | Poslanec Andrej Babiš poněkud... | tlumočníka do češtiny | 1 | |
| 2. | Na fotografii vidíme uměle vyb... | v Londýně | 0 | |
| 3. | Literární Cenu Karla Čapka za... | Jaroslav Rudiš | 0 | |
| 4. | Britský supermarket Morrisons... | D | 0 | |
| 5. | Minulý týden skončil 44. roční... | Martin Michek | 0 | |
| 6. | V cestovatelském seriálu nás č... | Růžová hora | 0 | |
| 7. | Jedním z nejnavštěvovanějších... | ZOO | 1 | |
| 8. | Jak se nazývá pískovcová skaln... | Prachovské skály | 1 | |
| 9. | Které z těchto oblíbených zimn... | D | 0 | |
| 10. | Ve které obci najdeme vyhlášen... | v Dětenicích | 0 |